Východiská tvorby stratégie malých a stredných podnikov v poľnohospodárstve Slovenskej republiky

Salvato in:
Dettagli Bibliografici
Autore principale: Mihalčová, Bohuslava, 1963-
Ente Autore: Ekonomická univerzita v Bratislave. Podnikovohospodárska fakulta so sídlom v Košiciach
Natura: Libro
Lingua:slovacco
Pubblicazione: Bratislava Vydavateľstvo EKONÓM 2002
Soggetti:
Tags: Aggiungi Tag
Nessun Tag, puoi essere il primo ad aggiungerne!!

MARC

LEADER 00000nam a2200000 4500
001 c141237
005 20221124091447.4
020 |a 80-225-1596-5 
041 0 |a slo 
044 |a SK 
245 1 0 |a Východiská tvorby stratégie malých a stredných podnikov v poľnohospodárstve Slovenskej republiky  |c Bohuslava Mihalčová 
264 1 |a Bratislava  |b Vydavateľstvo EKONÓM  |c 2002 
300 |a 104 s. 
610 2 0 |a poľnohospodárstvo 
610 2 0 |a podnik malý 
610 2 0 |a podnik stredný 
610 2 0 |a stratégia podniková 
610 2 0 |a riadenie strategické 
610 2 0 |a podnikanie 
610 2 0 |a vývoj 
610 2 0 |a hospodárstvo národné 
610 2 0 |a Slovensko 
100 1 |a Mihalčová, Bohuslava, 1963- 
710 2 |a Ekonomická univerzita v Bratislave. Podnikovohospodárska fakulta so sídlom v Košiciach